Dance Moms Trivia Quiz Stats

 Plays Quiz not verified by Sporcle

Also try: TV Dad Occupations
Challenge
Share
Tweet
Embed
Score 0/13 Timer 05:00
0 Plays Today
Hints % Correct
What is the name of Chloe's sister?Clara
95.8%
What style are Maddie's solos (usually)?lyrical
86.3%
What is Cathy's daughter called?Vivi-anne
83.5%
What year was Chloe born?2001
81%
Name Jeanette's daughterAva
78.5%
What year did Dance Moms first premire in the USA?2011
77.8%
What year was Mackenzie born?2004
72.4%
Which ALDC teacher did Abby compare Maddie to?Gianna
68.1%
What was the name of the group dance inspired by Orange is the New Black?Stomp the Yard
66.9%
Who is Kristie's daughter?Asia
65.8%
Bonus! Guess my favourite Dance Moms girlNia
60.6%
How old was Maddie when she joined the ALDC?2
46%
Name one of the winners of Abby's Ultimate Dance Competition (Season 1 or 2)?Brianna
32.8%

You're not logged in!

Compare scores with friends on all Sporcle quizzes.
OR
Log In

You Might Also Like...

Show Comments

Extras

Top Quizzes Today


Score Distribution

Your Account Isn't Verified!

In order to create a playlist on Sporcle, you need to verify the email address you used during registration. Go to your Sporcle Settings to finish the process.

Report this User

Report this user for behavior that violates our Community Guidelines.

Details: